Countries With the Letter A - Statistics

General Stats
  • This quiz has been taken 61 times
  • The average score is 130 of 166
Answer Stats
Country % Correct
Argentina
97%
Australia
92%
Austria
92%
Armenia
89%
France
89%
Italy
89%
United States
89%
Afghanistan
87%
Algeria
87%
Andorra
87%
Azerbaijan
87%
Bahamas
87%
Estonia
87%
Guatemala
87%
Hungary
87%
Poland
87%
Spain
87%
Vatican City
87%
Albania
84%
Angola
84%
Antigua and Barbuda
84%
Bhutan
84%
Canada
84%
Croatia
84%
Iceland
84%
Ireland
84%
Jamaica
84%
Kazakhstan
84%
Latvia
84%
Lithuania
84%
Netherlands
84%
Romania
84%
Serbia
84%
Bahrain
82%
Bosnia and Herzegovina
82%
Bulgaria
82%
Colombia
82%
Denmark
82%
El Salvador
82%
Finland
82%
Germany
82%
Guinea
82%
Haiti
82%
India
82%
Indonesia
82%
Iran
82%
Iraq
82%
Japan
82%
Libya
82%
Malaysia
82%
Monaco
82%
North Korea
82%
Portugal
82%
San Marino
82%
South Africa
82%
South Korea
82%
Switzerland
82%
Syria
82%
Zambia
82%
Bangladesh
79%
Central African Republic
79%
China
79%
Dominican Republic
79%
Ethiopia
79%
Gambia
79%
Ghana
79%
Honduras
79%
Israel
79%
Jordan
79%
Kyrgyzstan
79%
Liberia
79%
Mali
79%
Marshall Islands
79%
Nepal
79%
Nicaragua
79%
Oman
79%
Paraguay
79%
Russia
79%
Slovakia
79%
Slovenia
79%
Sudan
79%
Trinidad and Tobago
79%
Tunisia
79%
Turkmenistan
79%
Uganda
79%
United Arab Emirates
79%
Uruguay
79%
Uzbekistan
79%
Venezuela
79%
Vietnam
79%
Zimbabwe
79%
Barbados
76%
Belarus
76%
Bolivia
76%
Botswana
76%
Cambodia
76%
Dominica
76%
Equatorial Guinea
76%
Eritrea
76%
Federated States of Micronesia
76%
Gabon
76%
Guinea-Bissau
76%
Ivory Coast
76%
Kenya
76%
Kuwait
76%
Laos
76%
Lebanon
76%
Maldives
76%
Mauritania
76%
Moldova
76%
Namibia
76%
New Zealand
76%
Nigeria
76%
North Macedonia
76%
Norway
76%
Pakistan
76%
Panama
76%
Papua New Guinea
76%
Qatar
76%
Rwanda
76%
Solomon Islands
76%
Somalia
76%
South Sudan
76%
Taiwan
76%
Tajikistan
76%
Tonga
76%
Tuvalu
76%
Ukraine
76%
Vanuatu
76%
Brazil
74%
Chad
74%
Costa Rica
74%
Cuba
74%
Eswatini
74%
Georgia
74%
Madagascar
74%
Malta
74%
Mongolia
74%
Samoa
74%
Thailand
74%
Burkina Faso
71%
Cameroon
71%
Democratic Republic of the Congo
71%
East Timor
71%
Grenada
71%
Guyana
71%
Malawi
71%
Myanmar
71%
Nauru
71%
Palau
71%
Saudi Arabia
71%
Senegal
71%
Suriname
71%
Tanzania
71%
Kiribati
68%
Saint Lucia
68%
Saint Vincent and theGrenadines
68%
Sierra Leone
68%
Ecuador
66%
Mauritius
66%
Saint Kitts and Nevis
66%
São Tomé and Príncipe
66%
Singapore
66%
Cape Verde
63%
Mozambique
63%
Sri Lanka
63%
No matching quizzes found
Score Distribution
Percent of People with Each Score
Percentile by Number Answered
Your Score History
You have not taken this quiz